Organizational policy and strategic management: Text and cases (Record no. 37384)

MARC details
000 -LEADER
fixed length control field 00325nam a2200121Ia 4500
082 ## - DEWEY DECIMAL CLASSIFICATION NUMBER
Classification number 065
Item number HIG
100 ## - MAIN ENTRY--AUTHOR NAME
Personal name Higgins, James M
245 #0 - TITLE STATEMENT
Title Organizational policy and strategic management: Text and cases
250 ## - EDITION STATEMENT
Edition statement Ed. 2
260 ## - PUBLICATION, DISTRIBUTION, ETC. (IMPRINT)
Place of publication New York
Name of publisher Dryden
Year of publication 1983
942 ## - ADDED ENTRY ELEMENTS (KOHA)
Koha item type Books
Holdings
Withdrawn status Lost status Damaged status Not for loan Home library Current library Date acquired Cost, normal purchase price Full call number Accession Number Koha item type
        RRII Library RRII Library 16/12/2021 31.50 065 HIG 17770 Books